|
|
|
|
| LEADER |
00000nam0a2200000 4500 |
| 001 |
334377 |
| 005 |
20231102004641.0 |
| 035 |
|
|
|a (RuTPU)RU\TPU\book\360489
|
| 090 |
|
|
|a 334377
|
| 100 |
|
|
|a 20170728d1964 km y0rusy50 ca
|
| 101 |
0 |
|
|a rus
|
| 102 |
|
|
|a UA
|
| 105 |
|
|
|a a z 001zy
|
| 200 |
1 |
|
|a Металлокерамические дисперсионно-упрочненные жаропрочные сплавы типа САП
|e обзор
|f Ю. Д. Репкин
|g Академия наук Украинской ССР (АН УССР), Институт металлокерамики и специальных сплавов
|
| 210 |
|
|
|a Киев
|c Изд-во Академии наук УССР
|d 1964
|
| 215 |
|
|
|a 72 с.
|c ил.
|
| 320 |
|
|
|a Библиогр.: с. 68-71
|
| 606 |
1 |
|
|a Металлокерамические материалы
|2 stltpush
|3 (RuTPU)RU\TPU\subj\42439
|9 62106
|
| 606 |
1 |
|
|a Жаропрочные сплавы
|x Физико-механические свойства
|2 stltpush
|3 (RuTPU)RU\TPU\subj\10333
|9 37420
|
| 610 |
1 |
|
|a упрочненные сплавы
|
| 610 |
1 |
|
|a прочность
|
| 610 |
1 |
|
|a технологические свойства
|
| 610 |
1 |
|
|a алюминиевые пудры
|
| 610 |
1 |
|
|a полуфабрикаты
|
| 610 |
1 |
|
|a брак
|
| 610 |
1 |
|
|a композиционные системы
|
| 675 |
|
|
|a 621.762
|v 4
|
| 675 |
|
|
|a 621.018.44:53
|v 3
|
| 700 |
|
1 |
|a Репкин
|b Ю. Д.
|g Юрий Дмитриевич
|
| 712 |
0 |
2 |
|a Академия наук Украинской ССР (АН УССР)
|b Институт металлокерамики и специальных сплавов
|2 stltpush
|3 (RuTPU)RU\TPU\col\11361
|
| 801 |
|
1 |
|a RU
|b 63413507
|c 20170728
|
| 801 |
|
2 |
|a RU
|b 63413507
|c 20211006
|g RCR
|
| 942 |
|
|
|c BK
|